La percepción de lo político en Costa Rica /

সংরক্ষণ করুন:
গ্রন্থ-পঞ্জীর বিবরন
প্রধান লেখক: Jiménez M, Alexander
অন্যান্য লেখক: Oyamburu, Jesús, González, Miguel Angel
বিন্যাস: অজ্ঞাত
প্রকাশিত: Heredia: Editorial Fundación UNA
বিষয়গুলি:
ট্যাগগুলো: ট্যাগ যুক্ত করুন
কোনো ট্যাগ নেই, প্রথমজন হিসাবে ট্যাগ করুন!

MARC

LEADER 00000 a2200000 04500
001 10865
003
008 991231s d
040 |a CRAI/IIS  |c CRAI/IIS 
090 |a 137511  
100 |a Jiménez M, Alexander  
245 |a La percepción de lo político en Costa Rica /  |c Alexander Jiménez M. 
260 |a Heredia:   |b Editorial Fundación UNA  
300 |a 282 p.  
650 |a CRISIS POLITICA  
650 |a SOCIEDAD CIVIL  
650 |a UTOPIA  
700 |a   
700 |a Oyamburu, Jesús  
700 |a   
700 |a González, Miguel Angel  
700 |a   
999 |c 4251  |d 4251